00810nam a2200205 a 4500001000900000005001700009008004100026040001300067050002200080100002800102245007300130260010000203300006100303500003400364650003800398650004100436942001100477999001300488952010300501BRCA_83320190320203153.0900504s1986 mx-a---###---s001-0#spa-# aDLCcDLC 4aNK7114b.H69 19861 aHoyo, Eugenio del9277010aPlateros, plata y alhajas en Zacatecas, 1568-1782cEugenio del Hoyo. aZacatecas, MéxicobGobierno del Estado de Zacatecas : Instituto de Cultura de Zacatecasc1986 axxii, 199 p.bil. a color [4] hojas de láminasc28 cm. aIncluye índice onomástico14aTrabajos en platazMéxico9277114aPlateroszZacatecas (México)92772 2lcccB c728d728 00104070aBRCAbBRCAd2008-06-26l0oNK7114 .H69 1986p01304r2019-03-22 00:00:00w2019-03-22yB